00585cam a22002171 4500001001300000003000400013005001700017008004100034010001700075035002000092040001700112042001200129050002300141100003000164245002600194260005700220300002100277500002300298650002500321752002100346he 67001961 DLC20260227111450.0840703s1852 gw 000 0 heb  ahe 67001961  a(OCoLC)19161377 aDLCcMHdDLC apremarc00aBM522.5b.A33 18521 aJaffe, Mordechai Michael.10aTeshuvot Maram Yafeh. aHamburg :bBi-defus N. Halbershṭadṭ,c612 [1852] a174 p. ;c22 cm. aNo more published. 0aResponsay1800-1948. aGermanydHamburg